El caballero de la armadura oxidada
Sparad:
| Huvudupphovsman: | |
|---|---|
| Materialtyp: | Bok |
| Språk: | spanska |
| Publicerad: |
Barcelona
Obelisco
2006
|
| Upplaga: | 2a. ed |
| Serie: | Nueva Conciencia
|
| Ämnen: | |
| Taggar: |
Lägg till en tagg
Inga taggar, Lägg till första taggen!
|
MARC
| LEADER | 00000nam a2200000 a 4500 | ||
|---|---|---|---|
| 001 | UCI2395 | ||
| 003 | CL-VaPUC | ||
| 008 | 070824e20060000SP |||||||||||||||||spa|d | ||
| 020 | |a 849777230X | ||
| 082 | 0 | 4 | |a 813 |b FIS |2 21 |
| 100 | 0 | |a Fisher, Robert |e author |9 518998 | |
| 245 | 1 | 3 | |a El caballero de la armadura oxidada |
| 250 | |a 2a. ed | ||
| 300 | |a 108 p | ||
| 942 | |c BK | ||
| 945 | |d 20070824 00:00:00 |a rbrito | ||
| 260 | |a Barcelona |b Obelisco |c 2006 | ||
| 650 | 0 | |a Novelas estadounidenses |9 265217 | |
| 583 | |a last modification |c 20070824 00:00:00 |k Rodrigo Vera | ||
| 490 | 0 | |a Nueva Conciencia | |
| 999 | |c 326980 |d 326978 | ||
| 952 | |0 0 |1 0 |4 0 |6 813_000000000000000_FIS_2006 |7 0 |8 A |9 409311 |a BIBEDU |b BIBEDU |d 2019-11-22 |i 4366395 |l 1 |o 813 FIS 2006 |p 4366395 |r 2022-09-28 |s 2022-09-22 |w 2019-11-22 |y BK |k EPE | ||
| 952 | |0 0 |1 0 |4 0 |6 813_000000000000000_FIS_2006 |7 0 |8 A |9 409312 |a BIBEDU |b BIBEDU |d 2019-11-22 |i 4366409 |o 813 FIS 2006 |p 4366409 |r 2019-11-22 |w 2019-11-22 |y BK |k EPE | ||